| 000 | 01007nam a22003137a 4500 | ||
|---|---|---|---|
| 003 | OSt | ||
| 005 | 20220107122857.0 | ||
| 008 | 191220b xxu||||| |||| 00| 0 eng d | ||
| 020 | _a9783030084028 | ||
| 040 | _cIIITMK | ||
| 082 | _a621.367 GON/A | ||
| 100 |
_aGong, Shengrong _917326 |
||
| 245 |
_aAdvanced image and video processing using Matlab _cShengrong Gong |
||
| 260 |
_aSwitzerland, _bSpringer, _c2019. |
||
| 300 | _axviii, 590p. | ||
| 440 |
_aModeling and optimization in science and technologies _917327 |
||
| 650 |
_aCOMPUTER SCIENCE _917584 |
||
| 650 |
_aCOMPUTER GRAPHICS _917585 |
||
| 650 |
_aIMAGE PROCESSING _917586 |
||
| 650 |
_aVIDEO PROCESSING _917587 |
||
| 650 |
_aMATLAB _917588 |
||
| 700 |
_aLiu, Chunping _917328 |
||
| 700 |
_aJi, Yi _917329 |
||
| 700 |
_aZhong, Baojiang _917330 |
||
| 700 |
_aLi, Yonggang _917331 |
||
| 700 |
_aDong, Husheng _917332 |
||
| 856 | _uhttps://www.pdfdrive.com/advanced-image-and-video-processing-using-matlab-d196910134.html | ||
| 942 |
_2ddc _cBK |
||
| 999 |
_c6667 _d6667 |
||